Дело по Харьковскому учебному округу

Доступно только в Электронных читальных залах Найти на картеНа карте
RUSMARC
00003973nmc2a22000003x 450
001f48dd886-347d-49c1-8b49-582b56bfd48e
00520210128182953.0
100##$a20190910l19051906k l0rusy0189 ca
1010#$arus
102##$aRU
2001#$aДело по Харьковскому учебному округу
$j1 февраля 1905 г. - 31 октября 1906 г.
$hЧасть 1
251##$cДело
300##$aВ инвентарной описи не верно указана дата окончания дела - 31 октября 1901 г.
300##$aДело по разряду учительских институтов, семинарий и низших учебных заведений
801#0$aRU
$bРГИА
$c20190910
$gRCR
801#1$aRU
$bГлавНИВЦ
$c20190910
$2rusmarc
801#2$aRU
$bПБ им. Б.Н. Ельцина
$c20210128
$gRCR
$2rusmarc
850##$aРГИА
852##$aРГИА
$eФедеральное казенное учреждение "Российский государственный исторический архив" (РГИА)
$j2423
937##$hРГИА
$d12315716
$aASBIBLIO_SCAN
462#0$1001b92bb9f0-9274-4a14-a5f0-ac7081e69216
$12001
$aДела разряда учительских семинарий и начальных училищ Департамента народного просвещения за 1891-1904 гг
$1251
$cОпись
$1852
$j172
461#0$1001a74412a3-3cc5-4d21-8f0a-dfe2fbd9e72d
$12001
$aДепартамент народного просвещения Министерства народного просвещения (1803-1917)
$1251
$cФонд
$1852
$j733
215##$a411 л.
$d36,5х26 см
371##$aДокумент не является опубликованным и широко распространяемым
105##$ay###
1222#$ad
035##$af48dd886-347d-49c1-8b49-582b56bfd48e
856##$uhttp://readingroom.main.prlib.ru/item.aspx?id_node=n155610946&mode=full
Формат отображения